| 000 | 00000nam 2200000zi 4500 |
| 001 | 9.939195 |
| 003 | CaOODSP |
| 005 | 20250128134601 |
| 006 | m o d f |
| 007 | cr mn||||||||| |
| 008 | 240611t20242024quca o f000 0 fre d |
| 020 | |a9780660723006 |
| 040 | |aCaOODSP|bfre|erda|cCaOODSP |
| 043 | |an-cn--- |
| 086 | 1 |aCW66-1209/2024F-PDF |
| 245 | 04|aLes baleines et les contaminants. |
| 250 | |a[Édition 2024]. |
| 264 | 1|a[Gatineau, Québec] : |bEnvironnement et changement climatique Canada = Environment and Climate Change Canada, |c[2024] |
| 264 | 4|c©2024 |
| 300 | |a1 ressource en ligne (1 page) : |billustrations en couleur |
| 336 | |atexte|btxt|2rdacontent/fre |
| 337 | |ainformatique|bc|2rdamedia/fre |
| 338 | |aressource en ligne|bcr|2rdacarrier/fre |
| 500 | |aPublié aussi en anglais sous le titre : Whales and contaminants. |
| 650 | 6|aBaleines|xEffets de la pollution de l'eau sur|zCanada. |
| 650 | 6|aBaleines|xConservation|zCanada. |
| 655 | 7|aInfographies|2rvmgf |
| 710 | 1 |aCanada. |bEnvironnement et changement climatique Canada, |eorganisme de publication. |
| 775 | 08|tWhales and contaminants.|w(CaOODSP)9.939194 |
| 795 | |tLes baleines et les contaminants.|b(2023)|w(CaOODSP)9.924896 |
| 856 | 40|qPDF|s162 Ko|uhttps://publications.gc.ca/collections/collection_2025/eccc/cw66/CW66-1209-2024-fra.pdf |
| 856 | 4 |qHTML|sS.O.|uhttps://www.canada.ca/fr/environnement-changement-climatique/services/habitats-fauniques/exemples-reussite-matiere-financement-conservation/reduire-menace-contaminants-epaulard-resident-sud/baleines-contaminants.html |